IDMS CULPRIT výber, spracovanie a prezentácia dát : kurz : Tatranská Lomnica 20.-25.4.1986

Salvato in:
Dettagli Bibliografici
Altri autori: Mathé, Svätoslav
Natura: Libro
Lingua:slovacco
Pubblicazione: Bratislava Dom techn. ČSVTS 1986
Tags: Aggiungi Tag
Nessun Tag, puoi essere il primo ad aggiungerne!!

MARC

LEADER 00000nam a2200000 4500
001 c103217
005 20230110080224.4
041 0 |a slo 
044 |a SK 
245 1 0 |a IDMS CULPRIT  |b výber, spracovanie a prezentácia dát : kurz : Tatranská Lomnica 20.-25.4.1986  |c Sprac. Svätopluk Mathé 
264 1 |a Bratislava  |b Dom techn. ČSVTS  |c 1986 
300 |a 260 s. 
700 1 |a Mathé, Svätoslav